000 00604nam a22001697a 4500
003 OSt
005 20260402102134.0
008 260402b |||||||| |||| 00| 0 eng d
040 _cMRSPTU
041 _aEnglish
100 _aSmriti Thakur, Supervisor: Dr. Rahul Deshmukh
245 _aTo Investigate the Neuroprotective Potential of Fingolimod Against Colchicine Induced Sporadic Dementia in Rats
260 _bDepartment of Pharmacy, MRSPTU, Bathinda
_c2023
650 _aPharmaceutical Sciences and Technology
856 _uhttp://163.47.215.52:8080/jspui/handle/123456789/850
942 _2ddc
_cTH
_n0
999 _c11268
_d11268